| 000 | 00497nam a2200169Ia 4500 | ||
|---|---|---|---|
| 005 | 20250611121840.0 | ||
| 008 | 008 250505s9999 xx 000 0 eng d | ||
| 020 | _a9789390644919 | ||
| 040 |
_beng _cILCL |
||
| 041 |
_aeng _2eng |
||
| 100 | _aGauba, K L | ||
| 245 | 4 | _aThe New Magna Carta: A tale of Judicial Tyranny | |
| 260 |
_aDelhi _bLaw and Justice Publishing Company _c2022 |
||
| 300 | _axii,237p. | ||
| 700 |
_aChandran, Sharath (Ed.) _9754456 |
||
| 942 |
_cTB _2Colon Classification |
||
| 999 |
_c1311877 _d1311877 |
||